Normal view
MARC view
- Teenage boys
Entry Topical Term
001 - CONTROL NUMBER
- control field: 27923
003 - CONTROL NUMBER IDENTIFIER
- control field: NUST
005 - DATE AND TIME OF LATEST TRANSACTION
- control field: 20200123122356.0
008 - FIXED-LENGTH DATA ELEMENTS
- fixed length control field: 200123|| aca||aabn | a|a d
040 ## - CATALOGING SOURCE
- Original cataloging agency: NUST
- Transcribing agency: NUST
150 ## - HEADING--TOPICAL TERM
- Topical term or geographic name entry element: Teenage boys
670 ## - SOURCE DATA FOUND
- Source citation: Work cat.: (NUST)0: Bell, James Scott. 27919, Sins of the fathers /, c2006.
